Statystyki dla Państwa w pasie mapy świata

Kliknij tutaj aby rozwiązać quiz!

Ogólne statystyki

  • Ten quiz został rozwiązany 772 razy
  • Średni wynik to 36 z 41

Statystyki odpowiedzi

Kraj % poprawnych
Rosja
100%
Turcja
99%
Egipt
98%
Arabia Saudyjska
98%
Ukraina
98%
Iran
98%
Irak
98%
Kazachstan
97%
Republika Południowej Afryki
97%
Gruzja
95%
Izrael
95%
Jemen
95%
Syria
94%
Demokratyczna Republika Konga
94%
Sudan
94%
Etiopia
93%
Somalia
92%
Armenia
92%
Cypr
91%
Jordania
90%
Azerbejdżan
90%
Sudan Południowy
89%
Kenia
87%
Lesotho
87%
Kuwejt
86%
Liban
86%
Zimbabwe
85%
Erytrea
85%
Tanzania
85%
Mozambik
84%
Zambia
84%
Uganda
82%
Botswana
80%
Rwanda
79%
Dżibuti
79%
Angola
78%
Eswatini
76%
Namibia
76%
Republika Środkowoafrykańska
75%
Malawi
73%
Burundi
71%

Rozkład punktacji

Percentyl według liczby udzielonych odpowiedzi

Procent ludzi z każdym wynikiem

Twoja historia wyników

Nie rozwiązałeś tego quizu